00287nam a22001217a 4500020001800000082001400018100003300032245002500065250001600090260003500106300000800141650001600149 a9780230300743 a305.8 COU aCoulshed VeronicaaJoan Orme aSocial Work practice a5th edition aU.KbPalgrave Macmillianc2012 a299 asocial work